000 00223nam a22000857a 4500
008 170603b xxu||||| |||| 00| 0 eng d
100 _93263
_aEstes. R
245 _aReturn to Brookmere
260 _aNew Delhi
_bCapital Creation
_c1982
999 _c6577
_d6577